Selection of regional flags outside Europe - Statistics

General Stats
  • This quiz has been taken 87 times
    84 since last reset
  • The average score is 34 of 70
Answer Stats
Picture Answer % Correct
Hong Kong - China
92%
Macau - China
90%
Quebec - Canada
90%
Colorado - USA
88%
New Mexico - USA
88%
Puerto Rico - USA
88%
Texas - USA
88%
California - USA
86%
Tennessee - USA
86%
Alaska - USA
84%
Hawaii - USA
84%
Arizona - USA
82%
Wyoming - USA
80%
Cebu (province) - Philippines
78%
Maryland - USA
78%
Zanzibar - Tanzania
78%
Alabama - USA
73%
Nunavut - Canada
71%
São Paulo (state) - Brazil
71%
South Carolina - USA
71%
Kurdistan Region - Iraq
69%
Tokyo - Japan
69%
Washington, D.C. - USA
65%
British Columbia - Canada
61%
Kuala Lumpur - Malaysia
61%
Newfoundland and Labrador - Canada
61%
Mississippi - USA
59%
Ontario - Canada
57%
New York - USA
55%
Victoria - Australia
53%
Nova Scotia - Canada
51%
Bali - Indonesia
45%
Hokkaido - Japan
45%
New Brunswick - Canada
45%
Queensland - Australia
45%
Rio de Janeiro (state) - Brazil
45%
Sakhalin (oblast) - Russia
45%
Tuva (republic) - Russia
45%
Jewish Autonomous Oblast - Russia
43%
Northern Territory - Australia
41%
Prince Edward Island - Canada
41%
Abu Dhabi - United Arab Emirates
39%
New South Wales - Australia
39%
Tasmania - Australia
39%
Dubai - United Arab Emirates
35%
Azad Jammu and Kashmir - Pakistan
33%
Tigray Region - Ethiopia
33%
Federal District - Brazil
31%
Okinawa - Japan
31%
Punjab - Pakistan
31%
Sakha/Yakutia (republic) - Russia
31%
Amazonas - Brazil
29%
Bahia - Brazil
29%
Balochistan - Pakistan
27%
Buryatia (republic) - Russia
27%
Sindh - Pakistan
22%
Johor - Malaysia
20%
Kamchatka (krai) - Russia
20%
Amhara Region - Ethiopia
16%
Bangsamoro (region) - Philippines
16%
Chukotka (autonomous okrug) - Russia
16%
Ashanti Region - Ghana
14%
Oromia Region - Ethiopia
12%
Sarawak - Malaysia
12%
Shan State - Burma
12%
Aceh - Indonesia
10%
Jalisco - Mexico
10%
Kelantan - Malaysia
10%
Kingdom of Buganda - Uganda
10%
Malacca - Malaysia
8%
No matching quizzes found
Score Distribution
Percent of People with Each Score
Percentile by Number Answered
Your Score History
You have not taken this quiz since the last reset